000
00294nam a22001337a 4500
003
SGT
082
_a
616.024
_b
C15A
100
_a
ALLEN,J.HENRY
245
_a
THE CHRONIC MIASMS WITH REPERTORY
260
_a
NOIDA
_b
B.JAIN PUB
_c
2015
300
_a
566
650
_a
HOMOEOPATHIC
942
_2
ddc
_c
BK
999
_c
18608
_d
18608